000 00722nam a2200217Ia 4500
003 OSt
005 20241015101535.0
008 210716s1986 xx 000 0 und d
020 _a9780395402641
040 _cAIMIT LIBRARY
041 _aeng
082 _a423.03
_21
_bMOSB
100 _aMoser, Barry.
_9182335
245 _aWord mysteries and histories :
_bfrom quiche to humble pie /
_cIllustrations by Barry Moser, Foreword by Robert Claiborne.
250 _a1st ed.
260 _aBoston :
_bHoughton mifflin Company ,
_c1986.
300 _axi,308p. ;
_bPB
_c22 cm
650 _aIllustrations and selected commentary
_9182336
700 _aRobert Claiborne.
_eForeword by
_9182337
942 _2ddc
_cBK
_e1
_k423.03 MOSB
999 _c200827
_d200827